¿Quién es el padre? (Record no. 160315)

MARC details
000 -LEADER
campo de control de longitud fija 01250nam a22002295i 4500
001 - NÚMERO DE CONTROL
campo de control 160315
003 - IDENTIFICADOR DE NÚMERO DE CONTROL
campo de control ES-MaACL
005 - FECHA Y HORA DE LA ÚLTIMA TRANSACCIÓN
campo de control 20250824074925.0
008 - DATOS DE LONGITUD FIJA--INFORMACIÓN GENERAL
campo de control de longitud fija 020219s1860 sp |||| | spa d
040 ## - FUENTE DE CATALOGACIÓN
Centro catalogador/agencia de origen CAM
Lengua de catalogación spa
Centro/agencia transcriptor CAM
100 1# - ENTRADA PRINCIPAL--NOMBRE DE PERSONA
Nombre de persona Mozo de Rosales, Emilio.
9 (RLIN) 130267
245 11 - MENCIÓN DEL TÍTULO
Título ¿Quién es el padre?
Resto del título : comedia original en tres actos y en prosa /
Mención de responsabilidad, etc. por Emilio Mozo Rosales y Juan de la Puerta Vizcaino.
260 ## - PUBLICACIÓN, DISTRIBUCIÓN, ETC.
Lugar de publicación, distribución, etc. Madrid :
Nombre del editor, distribuidor, etc. [s.n.],
Fecha de publicación, distribución, etc. 1860 (
Fabricante Imprenta de José Rodríguez)
300 ## - DESCRIPCIÓN FÍSICA
Extensión 47 p. ;
Dimensiones 19 cm.
490 1# - MENCIÓN DE SERIE
Mención de serie El teatro: colección de obras dramáticas y líricas
500 #1 - NOTA GENERAL
Nota general En port.: Estrenada en el teatro del Príncipe, á beneficio del primer actor del género cómico D. Mariano Fernandez, el dia 14 de diciembre de 1859.
596 #1 - NOTA AL PIE DE IMPRENTA
NOTA AL PIE DE IMPRENTA Al v. de port. consta : "... Alonso Gullon, editor de la colección de obras dramáticas y líricas titulada El Teatro..."
700 11 - ENTRADA AGREGADA--NOMBRE PERSONAL
Nombre de persona Puerta Vizacaíno, Juan de la.
9 (RLIN) 131404
830 03 - PUNTO DE ACCESO ADICIONAL DE SERIE-TÍTULO UNIFORME
Título uniforme El teatro: colección de obras dramática y líricas
9 (RLIN) 221753
852 ## - LOCALIZACIÓN
Ubicación ES-MaACL
Número de control de estantería F-8566(7)
Nota libre -- Enc. pasta española
condición física -- Falto de la cub. original
Nota libre .- Enc. en un vol facticio formando parte de la col. facticia "Teatro español moderno", vol. 19
Holdings
Estatus retirado Estado de pérdida Estado de daño No para préstamo Colección Biblioteca de origen Biblioteca actual Ubicación en estantería Fecha de adquisición Fuente de adquisición Total de préstamos Signatura topográfica completa Código de barras Visto por última vez Precio de reemplazo Tipo de ítem Koha
        Libros del s. XIX Biblioteca del Ateneo de Madrid Biblioteca del Ateneo de Madrid Sala Pecera Planta 2 17/01/2008     F-8566(7) 1167862 23/02/2023 23/02/2023 Libro impreso antiguo